Truyền thống và cách tân trong mô hình kết cấu cốt truyện thơ Nôm tự thuật Sơ kính tân trang của Phạm Thái /
Đã lưu trong:
| Tác giả chính: | |
|---|---|
| Định dạng: | Bài viết |
| Ngôn ngữ: | Vietnamese |
| Những chủ đề: | |
| Các nhãn: |
Thêm thẻ
Không có thẻ, Là người đầu tiên thẻ bản ghi này!
|
| Thư viện lưu trữ: | Thư viện Trường Đại học Đà Lạt |
|---|
| LEADER | 00905nam a2200265 4500 | ||
|---|---|---|---|
| 001 | DLU180186376 | ||
| 005 | ##20180823 | ||
| 040 | # | # | |a DLU |b vie |
| 041 | # | # | |a vie |
| 044 | # | # | |a vn |
| 100 | # | # | |a Trần Hữu Chất. |
| 245 | # | # | |a Truyền thống và cách tân trong mô hình kết cấu cốt truyện thơ Nôm tự thuật Sơ kính tân trang của Phạm Thái / |c Trần Hữu Chất. |
| 653 | # | # | |a Kết cấu cốt truyện |
| 653 | # | # | |a Phạm Thái, 1777-1813 |
| 653 | # | # | |a Tự thuật |
| 653 | # | # | |a Truyện thơ Nôm |
| 773 | # | # | |t Tạp chí Khoa học xã hội Thành phố Hồ Chí Minh |g Số 10(218), 2016, tr. 20-27 |
| 920 | # | # | |a Phòng Tạp chí -- Trung tâm Thông tin - Thư viện Trường Đại học Đà Lạt |
| 900 | # | # | |a True |
| 911 | # | # | |a Hoàng Thị Huyền |
| 925 | # | # | |a G |
| 926 | # | # | |a A |
| 927 | # | # | |a BB |
| 980 | # | # | |a Thư viện Trường Đại học Đà Lạt |